| 000 | 00352nam a2200145Ia 4500 | ||
|---|---|---|---|
| 005 | 20250509073924.0 | ||
| 008 | 240331s9999 xx 000 0 und d | ||
| 082 |
_bPAR _a894 |
||
| 100 | _aParthasarathi, I | ||
| 245 | 0 | _aOru cup kapee | |
| 260 |
_aChennai _bTamil Puthakalayam _c1996 |
||
| 300 | _a140 p ., | ||
| 500 | _aTamil Short Stories | ||
| 942 | _cL | ||
| 999 |
_c4312 _d4312 |
||